01331nam a2200325 a 4500001001200000003000800012006001900020007001500039008004100054010001700095020003300112040002100145035002100166050002700187082001800214100002100232245011900253246005000372260005900422300001600481504006600497533015200563650003200715650004800747650002300795655002900818710001700847856012600864999001500990ebr10002100CaPaEBRm u cr cn|||||||||960814s1997 nju sb 001 0 eng  z 96041003  z0691010803 (cl : alk. paper) aCaPaEBRcCaPaEBR a(OCoLC)61450553014aQA76.9.C66bR62 1997eb04a303.48/342201 aRochlin, Gene I.10aTrapped in the neth[electronic resource] :bthe unanticipated consequences of computerization /cGene I. Rochlin.30aUnanticipated consequences of computerization aPrinceton, N.J. :bPrinceton University Press,cc1997. axvi, 293 p. aIncludes bibliographical references (p. [265]-284) and index. aElectronic reproduction.bPalo Alto, Calif. :cebrary,d2013.nAvailable via World Wide Web.nAccess may be limited to ebrary affiliated libraries. 0aComputers and civilization. 0aElectronic data processingxSocial aspects. 0aComputer networks. 7aElectronic books.2local2 aebrary, Inc.40uhttp://site.ebrary.com/lib/rucke/Doc?id=10002100zAn electronic book accessible through the World Wide Web; click to view c5362d5362